Countries Most Similar To Jamaica - Statistics

General Stats
  • This quiz has been taken 56 times
  • The average score is 10 of 20
Answer Stats
Rank Country Score % Correct
7 Haiti 65.5
84%
2 Trinidad and Tobago 78
84%
5 Dominican Republic 67.5
82%
1 Bahamas 79.8
77%
3 Belize 73.2
66%
4 Guyana 71.2
61%
6 Panama 65.7
59%
11 Honduras 63.7
57%
9 Costa Rica 63.8
52%
13 Nicaragua 62.4
52%
8 El Salvador 64.6
50%
20 Colombia 59.8
45%
10 Suriname 63.8
45%
17 Ghana 61.1
43%
15 Guatemala 61.3
43%
12 Fiji 63.1
30%
16 Mauritius 61.2
27%
14 Liberia 62.1
25%
19 Samoa 60.1
14%
18 Vanuatu 60.4
14%
No matching quizzes found
Score Distribution
Percent of People with Each Score
Percentile by Number Answered
Your Score History
You have not taken this quiz